| 000 | 00759cam a22002533a 4500 | ||
|---|---|---|---|
| 001 | 29690 | ||
| 003 | PGUSA | ||
| 005 | 20140828083636.0 | ||
| 008 | 090815s2009||||xxu|||||s|||||000 | eng d | ||
| 040 |
_aPGUSA _beng |
||
| 042 | _adc | ||
| 050 | 4 | _aDA | |
| 100 | 1 |
_aMitton, G. E. _q(Geraldine Edith) |
|
| 245 | 1 | 0 |
_aHampstead and Marylebone : _bThe Fascination of London _h[electronic resource] / _cG. E. Mitton |
| 260 |
_bProject Gutenberg, _c2009 |
||
| 506 | _aPublic domain in the USA. | ||
| 516 | _aElectronic text | ||
| 653 | _aHampstead (London, England) | ||
| 653 | _aMarylebone (London, England) | ||
| 700 | 1 |
_aBesant, Walter, _d1836-1901 |
|
| 830 | 0 |
_aProject Gutenberg _v29690 |
|
| 856 | 4 | 0 | _uhttp://www.gutenberg.org/ebooks/29690 |
| 942 | _cEB | ||
| 999 |
_c258945 _d258945 |
||